00362pab a2200121 454500008004000000100002100040245009400061260000900155300001400164362000800178650002100186773003300207180718b2010 xxu||||| |||| 00| 0 eng d aMaher, Thomas V. aThreat, resistance, and collective action: the cases of Sobibor, Treblinka, and Auschwitz c2010 ap.252-72. aApr aSocial movements aAmerican Sociological Review